[Event "Karlsruhe Grenke op"]
[Site "Karlsruhe"]
[Date "2024.03.30"]
[Round "4"]
[White "Niemann, Hans Moke"]
[Black "Rosner, Jonas"]
[Result "1-0"]
[WhiteElo "2676"]
[BlackElo "2431"]
[PlyCount "65"]
[EventDate "2024.03.28"]
[EventType "swiss"]
[EventRounds "9"]
[EventCountry "GER"]
[SourceTitle "CB14_2024"]
[SourceDate "2024.04.01"]
[SourceVersion "1"]
[SourceVersionDate "2024.04.01"]
[SourceQuality "1"]

1. e4 c6 2. d4 d5 3. e5 Bf5 4. Nf3 e6 5. Be2 Nd7 6. 0-0 a5 7. Nc3 a4 8. Bd2 a3 9. b3 h6 10. h3 Bh7 11. Re1 Ne7 12. Rc1 Nf5 13. Bd3 Be7 14. Ne2 Nh4 15. Nf4 Bxd3 16. Nxd3 Nxf3+ 17. Qxf3 Bg5 18. Be3 0-0 19. Qg4 Bxe3 20. Rxe3 Qg5 21. Qe2 Kh8 22. f4 Qh4 23. Rf1 Rac8 24. g3 Qe7 25. f5 exf5 26. Rxf5 Rce8 27. c3 c5 28. e6 cxd4 29. cxd4 Nf6 30. Rfe5 Kg8 31. Nf4 Rc8 32. exf7+ Qxf7 33. Re7 1-0

[Event "Karlsruhe Grenke op"]
[Site "Karlsruhe"]
[Date "2024.03.29"]
[Round "3"]
[White "Rosner, Jonas"]
[Black "Janeczko, Jakub"]
[Result "1-0"]
[WhiteElo "2431"]
[BlackElo "2278"]
[PlyCount "39"]
[EventDate "2024.03.28"]
[EventType "swiss"]
[EventRounds "9"]
[EventCountry "GER"]
[SourceTitle "CB14_2024"]
[SourceDate "2024.04.01"]
[SourceVersion "1"]
[SourceVersionDate "2024.04.01"]
[SourceQuality "1"]

1. c4 c5 2. Nf3 Nf6 3. Nc3 Nc6 4. e3 g6 5. d4 cxd4 6. exd4 d5 7. cxd5 Nxd5 8. Qb3 Nxc3 9. Bc4 e6 10. bxc3 Bd7 11. Be2 Qc7 12. 0-0 Rc8 13. Re1 Bd6 14. Bh6 Na5 15. Qb1 Qxc3 16. Bb5 Qb4 17. Bxd7+ Kxd7 18. Ne5+ Ke8 19. Qe4 Nc6 20. Nxf7 1-0

[Event "Titled Tuesday intern op 24th Oct Late"]
[Site "Chess.com INT"]
[Date "2023.10.24"]
[Round "2"]
[White "Cueto, Jose"]
[Black "Rosner, Jonas"]
[Result "0-1"]
[WhiteElo "2112"]
[BlackElo "2431"]
[PlyCount "102"]
[EventDate "2023.10.24"]
[EventType "swiss (blitz)"]
[EventRounds "11"]
[EventCountry "USA"]
[SourceTitle "Mega2024 Update 01"]
[Source "Chessbase"]
[SourceDate "2023.11.12"]
[SourceVersion "1"]
[SourceVersionDate "2023.11.12"]
[SourceQuality "1"]

1. d4 d5 2. Bf4 Nf6 3. e3 e6 4. Nf3 Bd6 5. Ne5 0-0 6. Nd2 b6 7. c3 c5 8. Bd3 Ba6 9. Bc2 Qc7 10. Bg3 Nc6 11. f4 Ne7 12. Qf3 Nf5 13. Bf2 Be7 14. g4 Nd6 15. g5 Nfe4 16. Nxe4 Nxe4 17. Bxe4 dxe4 18. Qg3 Bd6 19. h4 Bxe5 20. fxe5 Bd3 21. h5 b5 22. h6 g6 23. Qf4 Qe7 24. dxc5 Rfd8 25. Qf6 Qxf6 26. exf6 a5 27. Bg3 Rd5 28. Bf4 Rxc5 29. Kf2 Rf5 30. Kg2 e5 31. Bg3 Rxg5 32. a4 Rf5 33. axb5 Bxb5 34. Rhc1 Bd3 35. c4 Rxf6 36. Bxe5 Rc6 37. c5 f6 38. Bd4 Kf7 39. Ra3 Ke6 40. Rca1 Rca6 41. c6 Rxc6 42. Rxa5 Rac8 43. Ra6 g5 44. Rxc6+ Rxc6 45. Ra8 Kf5 46. Rg8 Kg4 47. Rg7 Rc2+ 48. Kg1 f5 49. Rxh7 Kg3 50. Be5+ f4 51. exf4 Rc1# 0-1

[Event "Oberliga Baden 2223"]
[Site "Germany"]
[Date "2023.03.19"]
[Round "8.1"]
[White "Heinz, Timothee"]
[Black "Rosner, Jonas"]
[Result "1-0"]
[WhiteElo "2365"]
[BlackElo "2454"]
[PlyCount "69"]
[EventDate "2022.09.18"]
[EventType "team-tourn"]
[EventRounds "9"]
[EventCountry "GER"]
[SourceTitle "EXT 2024"]
[Source "ChessBase"]
[SourceDate "2023.10.10"]
[SourceVersion "1"]
[SourceVersionDate "2023.10.10"]
[SourceQuality "1"]
[WhiteTeam "Sasbach"]
[BlackTeam "Ettlingen"]
[WhiteTeamCountry "GER"]
[BlackTeamCountry "GER"]

1. e4 c6 2. d4 d5 3. e5 Bf5 4. Nf3 e6 5. Be2 Ne7 6. c3 h6 7. 0-0 Nd7 8. Na3 Qc7 9. Nc2 g5 10. Ne3 Bg6 11. b4 Bg7 12. Ne1 0-0-0 13. Nd3 h5 14. f4 Bxd3 15. Bxd3 gxf4 16. Nc2 Ng6 17. Bxg6 fxg6 18. Bxf4 Rdf8 19. Qd3 Bh6 20. Bxh6 Rxh6 21. Rxf8+ Nxf8 22. Rf1 Qg7 23. b5 cxb5 24. Qxb5 Qe7 25. Qb4 Qxb4 26. Nxb4 Nd7 27. Nd3 g5 28. Rf7 Rg6 29. Kf2 a5 30. Kg3 b5 31. Rh7 Nb6 32. Nc5 h4+ 33. Kg4 Nc4 34. Rh8+ Kc7 35. Kh5 1-0

[Event "Budapest SixDays 09 GM"]
[Site "Budapest"]
[Date "2022.09.20"]
[Round "9"]
[White "Rosner, Jonas"]
[Black "Hacker, Jonas"]
[Result "1/2-1/2"]
[WhiteElo "2454"]
[BlackElo "2458"]
[PlyCount "57"]
[EventDate "2022.09.15"]
[EventType "tourn"]
[EventRounds "9"]
[EventCountry "HUN"]
[EventCategory "8"]
[SourceTitle "CBM 210 Extra"]
[Source "ChessBase"]
[SourceDate "2022.11.30"]
[SourceVersion "1"]
[SourceVersionDate "2022.11.30"]
[SourceQuality "1"]

1. d4 Nf6 2. c4 e6 3. Nf3 d5 4. g3 dxc4 5. Bg2 Bb4+ 6. Bd2 a5 7. Qc2 c5 8. dxc5 Bxc5 9. 0-0 0-0 10. Ne5 Qc7 11. Nxc4 Nc6 12. Nba3 Nd4 13. Qd1 e5 14. e3 Bxa3 15. Nxa3 Nc6 16. Qa4 Be6 17. Rfc1 Rfd8 18. Bc3 Bd5 19. e4 Be6 20. Qb5 h6 21. Qc5 Rac8 22. Nb5 Qd7 23. Qb6 Bh3 24. f3 Bxg2 25. Kxg2 Qd3 26. Rf1 Nd7 27. Qxb7 Nc5 28. Qb6 Na4 29. Qb7 1/2-1/2

[Event "Budapest SixDays 09 GM"]
[Site "Budapest"]
[Date "2022.09.18"]
[Round "5"]
[White "Rosner, Jonas"]
[Black "Parkhov, Yair"]
[Result "1-0"]
[WhiteElo "2454"]
[BlackElo "2479"]
[PlyCount "153"]
[EventDate "2022.09.15"]
[EventType "tourn"]
[EventRounds "9"]
[EventCountry "HUN"]
[EventCategory "8"]
[SourceTitle "CBM 210 Extra"]
[Source "ChessBase"]
[SourceDate "2022.11.30"]
[SourceVersion "1"]
[SourceVersionDate "2022.11.30"]
[SourceQuality "1"]

1. d4 Nf6 2. c4 g6 3. Nf3 Bg7 4. e3 0-0 5. Be2 c5 6. d5 e6 7. Nc3 exd5 8. cxd5 d6 9. 0-0 Re8 10. Nd2 Na6 11. e4 Nc7 12. a4 Rb8 13. f3 a6 14. a5 Nh5 15. Nc4 Nb5 16. g4 Nxc3 17. bxc3 Bxc3 18. Rb1 Ng7 19. Bf4 Re5 20. Rb6 Ne8 21. Qb3 Bd4+ 22. Be3 Re7 23. Bxd4 cxd4 24. Qd3 Bd7 25. Qxd4 Bb5 26. Bd3 Rc8 27. Nb2 Rec7 28. Bxb5 axb5 29. Rxb5 Qh4 30. Nd3 Nf6 31. Qf2 Qh6 32. Rb2 Nd7 33. Re1 Qg7 34. Kg2 Qf6 35. Qd2 Rc3 36. Re2 Qd4 37. Ne1 Qa4 38. Rxb7 Ne5 39. Rb8 Rxb8 40. Qxc3 Qd1 41. Qc2 Qd4 42. a6 Qb6 43. Qa4 Ra8 44. Ra2 h5 45. h3 hxg4 46. hxg4 Qe3 47. Qd1 g5 48. Nc2 Qb6 49. Qd2 Ng6 50. Ne3 Nf4+ 51. Kg3 Qb1 52. Ng2 Qg1 53. Qf2 Qc1 54. Nxf4 gxf4+ 55. Kg2 Kg7 56. a7 f6 57. Qf1 Qc7 58. Qa6 Kg6 59. Qa4 Kg5 60. Qc6 Rxa7 61. Rxa7 Qxa7 62. Qe8 Kh6 63. Qh5+ Kg7 64. g5 Qe3 65. Qh6+ Kg8 66. Qg6+ Kf8 67. Qxf6+ Kg8 68. Qg6+ Kh8 69. Qh5+ Kg7 70. Kh3 Qc1 71. Qh6+ Kf7 72. Kg4 Qc5 73. Kf5 Ke7 74. Qe6+ Kd8 75. g6 Qg1 76. g7 Qxg7 77. Qf6+ 1-0

[Event "German Masters"]
[Site "Magdeburg"]
[Date "2022.08.24"]
[Round "9"]
[White "Rosner, Jonas"]
[Black "Koelle, Tobias"]
[Result "1/2-1/2"]
[WhiteElo "2464"]
[BlackElo "2433"]
[PlyCount "135"]
[EventDate "2022.08.16"]
[EventType "tourn"]
[EventRounds "9"]
[EventCountry "GER"]
[EventCategory "14"]
[SourceTitle "CBM 209 Extra"]
[Source "ChessBase"]
[SourceDate "2022.09.30"]
[SourceVersion "1"]
[SourceVersionDate "2022.09.30"]
[SourceQuality "1"]

1. d4 Nf6 2. Nf3 d5 3. c4 e6 4. e3 b6 5. b3 Bb7 6. Bd3 Bd6 7. 0-0 0-0 8. cxd5 exd5 9. Ba3 c5 10. Nc3 Nbd7 11. Rc1 Rc8 12. Qe2 Ne4 13. Bb2 Qe7 14. Rfd1 Ndf6 15. h3 Rfe8 16. Bb5 Red8 17. dxc5 bxc5 18. Nxe4 Nxe4 19. Ba6 Bxa6 20. Qxa6 Qe6 21. Qe2 Bb8 22. Rc2 h6 23. Rdc1 Qb6 24. Nd2 Ng5 25. Qg4 Ne6 26. Nf3 Bd6 27. Nd4 Bf8 28. Nxe6 Qxe6 29. Qxe6 fxe6 30. Bd4 Rc7 31. Bxc5 Rdc8 32. b4 Kf7 33. Kf1 a5 34. a3 axb4 35. axb4 e5 36. Ke2 Ke6 37. Kd2 Bxc5 38. Rxc5 Rxc5 39. Rxc5 Ra8 40. Rc6+ Kf5 41. Rc2 Ke6 42. Kc3 Kd6 43. Kb3 Ra1 44. Ra2 Rb1+ 45. Kc3 Rc1+ 46. Rc2 Rb1 47. Rb2 Rc1+ 48. Kd3 Rd1+ 49. Ke2 Ra1 50. b5 Ra7 51. f4 exf4 52. exf4 Kc5 53. b6 Rb7 54. Kd3 Rxb6 55. Rxb6 Kxb6 56. Kd4 Kc6 57. f5 Kd6 58. g3 h5 59. g4 hxg4 60. hxg4 g6 61. fxg6 Ke6 62. g5 Ke7 63. Kxd5 Kf8 64. Ke6 Kg7 65. Kf5 Kg8 66. Kf6 Kf8 67. g7+ Kg8 68. g6 1/2-1/2

[Event "German Masters"]
[Site "Magdeburg"]
[Date "2022.08.18"]
[Round "3"]
[White "Kollars, Dmitrij"]
[Black "Rosner, Jonas"]
[Result "1-0"]
[WhiteElo "2643"]
[BlackElo "2464"]
[PlyCount "85"]
[EventDate "2022.08.16"]
[EventType "tourn"]
[EventRounds "9"]
[EventCountry "GER"]
[EventCategory "14"]
[SourceTitle "CBM 209 Extra"]
[Source "ChessBase"]
[SourceDate "2022.09.30"]
[SourceVersion "1"]
[SourceVersionDate "2022.09.30"]
[SourceQuality "1"]

1. d4 d5 2. c4 c6 3. Nf3 Nf6 4. Nc3 dxc4 5. a4 Bf5 6. Ne5 Nbd7 7. Nxc4 Nb6 8. Ne3 e6 9. Nxf5 exf5 10. g3 a5 11. Bh3 g6 12. 0-0 Bg7 13. Bg2 0-0 14. Bg5 Qd6 15. Bxf6 Bxf6 16. e3 Rfe8 17. Qb3 Qb4 18. Qc2 Rad8 19. Ra3 Nc4 20. Rb3 Qe7 21. Ne2 Nd6 22. Nf4 Rd7 23. Nd3 Qd8 24. Rc1 h5 25. Rd1 Kg7 26. Nc5 Rc7 27. Rb6 Qa8 28. d5 Qa7 29. Rb3 Rd8 30. Rbd3 Be7 31. dxc6 bxc6 32. Nb3 Qb6 33. Qc3+ Bf6 34. Qxa5 Qxa5 35. Nxa5 Nb7 36. Rxd8 Nxd8 37. b3 c5 38. Nc4 Nc6 39. Nd6 Kf8 40. Nb5 Rc8 41. Rd6 Nd8 42. Rxf6 Ne6 43. Rxf7+ 1-0

[Event "Kiel Doppelbauer GM 2nd"]
[Site "Kiel"]
[Date "2022.07.02"]
[Round "5"]
[White "Rosner, Jonas"]
[Black "Parvanyan, Ashot"]
[Result "1/2-1/2"]
[WhiteElo "2478"]
[BlackElo "2428"]
[PlyCount "64"]
[EventDate "2022.06.29"]
[EventType "tourn"]
[EventRounds "9"]
[EventCountry "GER"]
[EventCategory "10"]
[SourceTitle "CBM 209 Extra"]
[Source "ChessBase"]
[SourceDate "2022.09.30"]
[SourceVersion "1"]
[SourceVersionDate "2022.09.30"]
[SourceQuality "1"]

1. d4 Nf6 2. Nf3 e6 3. c4 d5 4. e3 a6 5. b3 b6 6. Bd3 Bb7 7. 0-0 Nbd7 8. Qe2 Bd6 9. cxd5 exd5 10. Ba3 Bxa3 11. Nxa3 Qe7 12. Nb1 0-0 13. Nc3 c5 14. Rac1 Ne4 15. Rfd1 Rfc8 16. dxc5 Nxc3 17. Rxc3 bxc5 18. Rdc1 g6 19. h3 Nf8 20. Nd2 Ne6 21. Qg4 Rd8 22. Nf3 d4 23. exd4 cxd4 24. R3c2 Qf6 25. Nd2 Nf4 26. Bf1 h5 27. Qd1 Nxh3+ 28. gxh3 Qg5+ 29. Kh2 Qf4+ 30. Kg1 Qg5+ 31. Kh2 Qf4+ 32. Kg1 Qg5+ 1/2-1/2

[Event "Kiel Doppelbauer GM 2nd"]
[Site "Kiel"]
[Date "2022.06.30"]
[Round "2"]
[White "Ernst, Sipke"]
[Black "Rosner, Jonas"]
[Result "1/2-1/2"]
[WhiteElo "2538"]
[BlackElo "2478"]
[PlyCount "105"]
[EventDate "2022.06.29"]
[EventType "tourn"]
[EventRounds "9"]
[EventCountry "GER"]
[EventCategory "10"]
[SourceTitle "CBM 209 Extra"]
[Source "ChessBase"]
[SourceDate "2022.09.30"]
[SourceVersion "1"]
[SourceVersionDate "2022.09.30"]
[SourceQuality "1"]

1. d4 d5 2. c4 c6 3. Nf3 Nf6 4. Nc3 e6 5. g3 dxc4 6. Bg2 Nbd7 7. 0-0 b5 8. e4 Bb7 9. e5 Nd5 10. Ng5 h6 11. Nxe6 fxe6 12. Qh5+ Ke7 13. Ne4 Qe8 14. Bg5+ hxg5 15. Qxh8 Kd8 16. Nxg5 Qe7 17. Qh5 Kc7 18. Rae1 Kb6 19. Bxd5 exd5 20. Re3 Qe8 21. Qg4 c5 22. Ne6 Bc8 23. Nxf8 Nxf8 24. dxc5+ Kxc5 25. e6 Nxe6 26. Rd1 Qf7 27. Re5 Nc7 28. Qd4+ Kc6 29. b4 Be6 30. Rde1 Re8 31. Qxa7 Qf3 32. R1e3 Qd1+ 33. Re1 Qf3 34. R1e3 Qd1+ 35. Kg2 Kd7 36. h4 Qg4 37. Kg1 Qd1+ 38. Re1 Qf3 39. R1e3 Qd1+ 40. Re1 Qf3 41. Qc5 Qf8 42. Qd4 Qxb4 43. h5 Re7 44. g4 Re8 45. g5 Qf8 46. R5e3 Re7 47. g6 Qf5 48. Re5 Qf6 49. R1e4 Kd6 50. Qb6+ Kd7 51. Qd4 Kd6 52. Qb6+ Kd7 53. Qd4 1/2-1/2

[Event "Oberliga Baden 2122"]
[Site "Germany"]
[Date "2022.05.01"]
[Round "4.1"]
[White "Rosner, Jonas"]
[Black "Roos, Jean Luc"]
[Result "1-0"]
[WhiteElo "2466"]
[BlackElo "2192"]
[PlyCount "77"]
[EventDate "2021.10.10"]
[EventType "team-tourn"]
[EventRounds "11"]
[EventCountry "GER"]
[SourceTitle "EXT 2023"]
[Source "ChessBase"]
[SourceDate "2022.10.05"]
[SourceVersion "1"]
[SourceVersionDate "2022.10.05"]
[SourceQuality "1"]
[WhiteTeam "Ettlingen"]
[BlackTeam "Kuppenheim"]
[WhiteTeamCountry "GER"]
[BlackTeamCountry "GER"]

1. d4 d5 2. c4 e6 3. Nf3 Nf6 4. g3 Bb4+ 5. Bd2 Be7 6. Bg2 0-0 7. Qc2 Nbd7 8. Nc3 c6 9. h4 Bb4 10. 0-0 Qe7 11. a3 Bd6 12. e4 dxe4 13. Nxe4 Nxe4 14. Qxe4 e5 15. Rfe1 f5 16. Qc2 e4 17. Ng5 c5 18. Nxe4 fxe4 19. Bxe4 Qd8 20. Bxh7+ Kh8 21. Bg6 Qc7 22. Bg5 Nf6 23. d5 Bg4 24. Kg2 Qd7 25. f4 Bh3+ 26. Kg1 Qg4 27. Kh2 Qd7 28. f5 Bg4 29. Re6 Qc7 30. Qc3 Nh5 31. Bxh5 Bxh5 32. Rae1 Kg8 33. Re7 Bxe7 34. Rxe7 Qxe7 35. Bxe7 Rxf5 36. Qe3 Rf3 37. Qxc5 Bg4 38. d6 Rd3 39. Qg5 1-0

[Event "Oberliga Baden 2122"]
[Site "Germany"]
[Date "2022.04.10"]
[Round "11.1"]
[White "Zaragatski, Ilja"]
[Black "Rosner, Jonas"]
[Result "1/2-1/2"]
[WhiteElo "2519"]
[BlackElo "2466"]
[PlyCount "69"]
[EventDate "2021.10.10"]
[EventType "team-tourn"]
[EventRounds "11"]
[EventCountry "GER"]
[SourceTitle "EXT 2023"]
[Source "ChessBase"]
[SourceDate "2022.10.05"]
[SourceVersion "1"]
[SourceVersionDate "2022.10.05"]
[SourceQuality "1"]
[WhiteTeam "Viernheim II"]
[BlackTeam "Ettlingen"]
[WhiteTeamCountry "GER"]
[BlackTeamCountry "GER"]

1. d4 d5 2. Nf3 Nf6 3. c4 c6 4. e3 e6 5. b3 Ne4 6. Bd3 Bb4+ 7. Nbd2 f5 8. Ne5 0-0 9. 0-0 Nxd2 10. Bxd2 Bd6 11. b4 Nd7 12. f4 Nxe5 13. fxe5 Be7 14. Qb3 a6 15. a4 Bg5 16. g3 Qe8 17. b5 axb5 18. axb5 Bd7 19. cxd5 Rxa1 20. Rxa1 cxd5 21. Ra7 Qc8 22. Kf2 Be7 23. Bb4 Qb8 24. Ra2 Qe8 25. Qa3 Bxb4 26. Qxb4 g5 27. Qd6 Qf7 28. Kg1 Rc8 29. Rc2 Rxc2 30. Bxc2 Bxb5 31. Qd8+ Kg7 32. Qxg5+ Qg6 33. Qe7+ Qf7 34. Qg5+ Qg6 35. Qe7+ 1/2-1/2

[Event "GER-ch 92nd"]
[Site "Magdeburg"]
[Date "2021.07.30"]
[Round "8"]
[White "Rosner, Jonas"]
[Black "Feuerstack, Aljoscha"]
[Result "1/2-1/2"]
[WhiteElo "2434"]
[BlackElo "2473"]
[PlyCount "71"]
[EventDate "2021.07.25"]
[EventType "swiss"]
[EventRounds "9"]
[EventCountry "GER"]
[SourceTitle "CBM 203 Extra"]
[Source "ChessBase"]
[SourceDate "2021.09.30"]
[SourceVersion "1"]
[SourceVersionDate "2021.09.30"]
[SourceQuality "1"]

1. c4 Nf6 2. Nf3 c5 3. Nc3 e6 4. e3 Nc6 5. d4 d5 6. cxd5 Nxd5 7. Bd3 Be7 8. a3 0-0 9. Nxd5 Qxd5 10. Qc2 h6 11. Bh7+ Kh8 12. Be4 Qd6 13. dxc5 Qxc5 14. Qxc5 Bxc5 15. b4 Bb6 16. Bb2 Bd7 17. 0-0 Rfd8 18. Rfd1 Be8 19. Kf1 Rxd1+ 20. Rxd1 Rd8 21. Rxd8 Bxd8 22. g4 Kg8 23. Ke2 Bc7 24. h4 f6 25. Bd3 Kf7 26. Bc4 Bd7 27. Bc3 Ke7 28. g5 hxg5 29. hxg5 e5 30. gxf6+ gxf6 31. Nd2 f5 32. f3 Be8 33. Bd3 Ke6 34. Bc4+ Ke7 35. Bd3 Ke6 36. Bc4+ 1/2-1/2

[Event "GER-ch 92nd"]
[Site "Magdeburg"]
[Date "2021.07.27"]
[Round "4"]
[White "Fromm, Marius"]
[Black "Rosner, Jonas"]
[Result "1/2-1/2"]
[WhiteElo "2326"]
[BlackElo "2434"]
[PlyCount "97"]
[EventDate "2021.07.25"]
[EventType "swiss"]
[EventRounds "9"]
[EventCountry "GER"]
[SourceTitle "CBM 203 Extra"]
[Source "ChessBase"]
[SourceDate "2021.09.30"]
[SourceVersion "1"]
[SourceVersionDate "2021.09.30"]
[SourceQuality "1"]

1. e4 c6 2. d4 d5 3. exd5 cxd5 4. Bd3 Nc6 5. c3 Qc7 6. h3 g6 7. Ne2 Bf5 8. Bf4 Qd7 9. Bb5 a6 10. Bxc6 Qxc6 11. 0-0 Bxb1 12. Rxb1 Nf6 13. Re1 Bg7 14. Nc1 e6 15. Nd3 0-0 16. h4 Rae8 17. Qf3 Ne4 18. Qh3 h5 19. Re2 f6 20. f3 e5 21. fxe4 dxe4 22. Nb4 Qb5 23. Rxe4 exf4 24. Rbe1 f5 25. Rxe8 Rxe8 26. Rxe8+ Qxe8 27. Nd3 Qe4 28. Qf3 Qxf3 29. gxf3 Bf6 30. Nxf4 Kf7 31. Ng2 b5 32. Kf2 f4 33. Nxf4 Bxh4+ 34. Ke3 Bg3 35. Ne2 Bc7 36. Ke4 Kf6 37. b3 g5 38. c4 bxc4 39. bxc4 Bh2 40. c5 h4 41. f4 h3 42. c6 Bxf4 43. Nxf4 gxf4 44. c7 h2 45. c8Q h1Q+ 46. Kxf4 Qf1+ 47. Ke4 Qh1+ 48. Kd3 Qd1+ 49. Ke4 1/2-1/2

[Event "GER-ch Net blitz sf"]
[Site "Playchess.com INT"]
[Date "2021.06.05"]
[Round "9"]
[White "Faerber, David"]
[Black "Rosner, Jonas"]
[Result "1-0"]
[WhiteElo "2175"]
[BlackElo "1620"]
[PlyCount "71"]
[EventDate "2021.06.05"]
[EventType "swiss (blitz)"]
[EventRounds "13"]
[EventCountry "GER"]
[SourceTitle "EXT 2023"]
[Source "ChessBase"]
[SourceDate "2022.10.05"]
[SourceVersion "1"]
[SourceVersionDate "2022.10.05"]
[SourceQuality "1"]

1. e4 d5 2. exd5 Qxd5 3. Nc3 Qd8 4. d4 Nf6 5. Nf3 Bg4 6. h3 Bxf3 7. Qxf3 c6 8. Be3 e6 9. Bd3 Bb4 10. 0-0 Nbd7 11. Ne4 Nxe4 12. Qxe4 Nf6 13. Qf3 Qd5 14. Qg3 0-0-0 15. c4 Qh5 16. Qxg7 Be7 17. d5 Rhg8 18. Qh6 Qxh6 19. Bxh6 cxd5 20. Rad1 d4 21. Rfe1 Kc7 22. a3 a5 23. Bf4+ Bd6 24. Be5 Nd7 25. Bxd4 h6 26. Be4 Nc5 27. Bc2 b6 28. Be3 h5 29. Kf1 Rd7 30. g3 Rgd8 31. b4 axb4 32. axb4 Nb7 33. Ba4 Re7 34. Bg5 Bxb4 35. Bxe7 Bxe1 36. Bxd8+ 1-0

[Event "GER-ch Net blitz sf"]
[Site "Playchess.com INT"]
[Date "2021.06.05"]
[Round "1"]
[White "Rosner, Jonas"]
[Black "Hoppe, Thilo"]
[Result "1-0"]
[WhiteElo "1620"]
[BlackElo "2140"]
[PlyCount "65"]
[EventDate "2021.06.05"]
[EventType "swiss (blitz)"]
[EventRounds "13"]
[EventCountry "GER"]
[SourceTitle "EXT 2023"]
[Source "ChessBase"]
[SourceDate "2022.10.05"]
[SourceVersion "1"]
[SourceVersionDate "2022.10.05"]
[SourceQuality "1"]

1. d4 Nf6 2. Nf3 e6 3. g3 b6 4. Bg2 Bb7 5. 0-0 Be7 6. c4 0-0 7. Nc3 Ne4 8. Qc2 f5 9. Ne5 d5 10. cxd5 exd5 11. h4 c6 12. Bf4 Nd7 13. Nxc6 Bxc6 14. Nxe4 Rc8 15. Nc3 Nf6 16. Qxf5 Kh8 17. Qd3 Bd6 18. Bxd6 Qxd6 19. Rac1 Bd7 20. e3 Bg4 21. Ne2 Qb4 22. b3 Qa3 23. Rxc8 Rxc8 24. Nf4 Qxa2 25. Nxd5 Nxd5 26. Bxd5 Be2 27. Qf5 Rd8 28. Be4 Kg8 29. Qxh7+ Kf7 30. Rc1 Rd7 31. Qf5+ Ke7 32. Rc8 Qa1+ 33. Kh2 1-0

[Event "GER-chT Online Liga 1 GpD"]
[Site "Playchess.com INT"]
[Date "2021.03.18"]
[Round "6.1"]
[White "Engel, Luis"]
[Black "Rosner, Jonas"]
[Result "0-1"]
[WhiteElo "2553"]
[BlackElo "2434"]
[PlyCount "90"]
[EventDate "2021.01.18"]
[EventType "team-tourn (rapid)"]
[EventRounds "7"]
[EventCountry "GER"]
[SourceTitle "EXT 2022"]
[Source "ChessBase"]
[SourceDate "2021.10.06"]
[SourceVersion "1"]
[SourceVersionDate "2021.10.06"]
[SourceQuality "1"]
[WhiteTeam "Hamburger SK"]
[BlackTeam "Ettlingen"]
[WhiteTeamCountry "GER"]
[BlackTeamCountry "GER"]

1. e4 c6 2. d4 d5 3. e5 Bf5 4. Nf3 e6 5. Be2 Ne7 6. 0-0 Ng6 7. c4 dxc4 8. Bxc4 Nd7 9. Nc3 h6 10. Be3 Ne7 11. Qe2 Nd5 12. Nxd5 cxd5 13. Bd3 Bxd3 14. Qxd3 Be7 15. Rfc1 Nb8 16. Qb5+ Qd7 17. Rc8+ Bd8 18. Qxd7+ Kxd7 19. Rac1 Re8 20. Ne1 Bb6 21. Rxe8 Kxe8 22. Rc8+ Bd8 23. Nd3 Kd7 24. Rc3 Bb6 25. g4 Nc6 26. Nc5+ Bxc5 27. Rxc5 h5 28. f3 Rh8 29. Kg2 f6 30. exf6 gxf6 31. Kg3 Kd6 32. Rc1 e5 33. dxe5+ fxe5 34. Bc5+ Ke6 35. g5 d4 36. b4 Rc8 37. a3 Ne7 38. Re1 Nf5+ 39. Kf2 b6 40. f4 Ne3 41. Rxe3 dxe3+ 42. Bxe3 exf4 43. Bxf4 Rc3 44. g6 Rxa3 45. g7 Kf7 0-1

[Event "GER-chT Online Liga 1 GpD"]
[Site "Playchess.com INT"]
[Date "2021.03.01"]
[Round "5.1"]
[White "Keller, Peter1111"]
[Black "Rosner, Jonas"]
[Result "0-1"]
[WhiteElo "2359"]
[BlackElo "2434"]
[PlyCount "134"]
[EventDate "2021.01.18"]
[EventType "team-tourn (rapid)"]
[EventRounds "7"]
[EventCountry "GER"]
[SourceTitle "EXT 2022"]
[Source "ChessBase"]
[SourceDate "2021.10.06"]
[SourceVersion "1"]
[SourceVersionDate "2021.10.06"]
[SourceQuality "1"]
[WhiteTeam "Bickenbach"]
[BlackTeam "Ettlingen"]
[WhiteTeamCountry "GER"]
[BlackTeamCountry "GER"]

1. e4 c6 2. d4 d5 3. e5 Bf5 4. Nf3 e6 5. Be2 Ne7 6. 0-0 Ng6 7. Nbd2 Nf4 8. Nb3 Nxe2+ 9. Qxe2 Be7 10. Ne1 h6 11. Nd3 0-0 12. Be3 Nd7 13. g4 Bxd3 14. Qxd3 c5 15. Qe2 cxd4 16. Bxd4 Qc7 17. c3 Rac8 18. Rad1 Nc5 19. Nxc5 Bxc5 20. f4 Bxd4+ 21. Rxd4 Qb6 22. Rf2 f5 23. g5 hxg5 24. fxg5 g6 25. h4 Kg7 26. h5 gxh5 27. Rh2 Rh8 28. Kh1 Qa6 29. Qd1 Rc4 30. Rxh5 Qa4 31. b3 Qe8 32. Rh6 Rxd4 33. Qxd4 Rxh6+ 34. gxh6+ Kxh6 35. Qxa7 Qh5+ 36. Kg1 Qd1+ 37. Kf2 Qd2+ 38. Kf1 Qxc3 39. Qxb7 Qxe5 40. a4 f4 41. Qf7 Kg5 42. a5 Qa1+ 43. Kf2 Qxa5 44. Qxe6 Qa2+ 45. Kf1 Qb1+ 46. Kf2 Qc2+ 47. Kf1 Qxb3 48. Qe5+ Kg4 49. Qe6+ Kg3 50. Qe1+ Kf3 51. Qe2+ Kg3 52. Qf2+ Kg4 53. Qg2+ Qg3 54. Qxd5 Qf3+ 55. Qxf3+ Kxf3 56. Ke1 Kg2 57. Ke2 f3+ 58. Ke3 f2 59. Kd3 f1Q+ 60. Kc3 Qf4 61. Kd3 Kf3 62. Kc2 Qe3 63. Kb1 Qd2 64. Ka1 Ke3 65. Kb1 Kd3 66. Ka1 Kc3 67. Kb1 Qb2# 0-1

[Event "GER-ch rapid 46th"]
[Site "Plochingen"]
[Date "2020.09.20"]
[Round "7"]
[White "Stern, Rene"]
[Black "Rosner, Jonas"]
[Result "1-0"]
[WhiteElo "2517"]
[BlackElo "2433"]
[PlyCount "83"]
[EventDate "2020.09.19"]
[EventType "swiss"]
[EventRounds "9"]
[EventCountry "GER"]
[SourceTitle "CBM 198 Extra"]
[Source "ChessBase"]
[SourceDate "2020.11.30"]
[SourceVersion "1"]
[SourceVersionDate "2020.11.30"]
[SourceQuality "1"]

1. Nf3 d5 2. d4 Nf6 3. c4 c6 4. Nbd2 Bf5 5. Nh4 Be4 6. f3 Bg6 7. Qb3 Qc7 8. g3 e6 9. Bg2 c5 10. cxd5 exd5 11. Qe3+ Be7 12. dxc5 0-0 13. Nxg6 hxg6 14. Nb3 Re8 15. Qc3 Na6 16. Be3 Rac8 17. Bh3 Nd7 18. 0-0 Bf6 19. Bd4 Bxd4+ 20. Qxd4 Rcd8 21. Bxd7 Qxd7 22. e3 Qb5 23. Rf2 Rc8 24. Rc2 Nb4 25. Rc3 a5 26. Qd2 a4 27. Nd4 Qa5 28. a3 Na6 29. b4 axb3 30. Nxb3 Qb5 31. Rac1 Rcd8 32. Kf2 Qa4 33. Nd4 Qd7 34. c6 bxc6 35. Rxc6 Ra8 36. Kg2 Qe7 37. R1c3 Kh7 38. Ne2 Nb8 39. Rc7 Qf6 40. Qxd5 Qa6 41. Nf4 Ra7 42. Qxf7 1-0